20 losowych pierwiastków po liczbie atomowej - Statystyki

Ogólne statystyki
  • Ten quiz został rozwiązany 168 razy
  • Średni wynik to 10 z 20
Statystyki odpowiedzi
Liczba atomowa Pierwiastek % Poprawnych
51 Antymon
100%
5 Bor
100%
17 Chlor
100%
30 Cynk
100%
68 Erb
100%
114 Flerow
100%
9 Fluor
100%
2 Hel
100%
112 Kopernik
100%
3 Lit
100%
29 Miedź
100%
115 Moskow
100%
118 Oganeson
100%
78 Platyna
100%
19 Potas
100%
45 Rod
100%
80 Rtęć
100%
34 Selen
100%
16 Siarka
100%
21 Skand
100%
11 Sód
100%
81 Tal
100%
117 Tenes
100%
99 Einstein
75%
87 Frans
75%
14 Krzem
75%
104 Rutherford
75%
26 Żelazo
75%
12 Magnez
70%
33 Arsen
67%
7 Azot
67%
100 Ferm
67%
32 German
67%
28 Nikiel
67%
59 Prazeodym
67%
20 Wapń
67%
18 Argon
63%
97 Berkel
60%
49 Ind
60%
6 Węgiel
60%
89 Aktyn
50%
95 Ameryk
50%
85 Astat
50%
56 Bar
50%
4 Beryl
50%
24 Chrom
50%
105 Dubn
50%
63 Europ
50%
15 Fosfor
50%
13 Glin
50%
67 Holm
50%
48 Kadm
50%
36 Krypton
50%
54 Ksenon
50%
25 Mangan
50%
109 Meitner
50%
10 Neon
50%
113 Nihon
50%
41 Niob
50%
102 Nobel
50%
76 Osm
50%
37 Rubid
50%
52 Tellur
50%
92 Uran
50%
23 Wanad
50%
1 Wodór
50%
60 Neodym
43%
77 Iryd
40%
39 Itr
40%
53 Jod
40%
103 Lorens
40%
22 Tytan
40%
79 Złoto
40%
35 Brom
33%
55 Cez
33%
40 Cyrkon
33%
66 Dysproz
33%
72 Hafn
33%
70 Iterb
33%
96 Kiur
33%
82 Ołów
33%
46 Pallad
33%
43 Technet
33%
65 Terb
33%
8 Tlen
33%
90 Tor
33%
98 Kaliforn
25%
27 Kobalt
25%
116 Liwermor
25%
111 Roentgen
25%
106 Seaborg
25%
58 Cer
20%
61 Promet
20%
73 Tantal
20%
75 Ren
17%
83 Bizmut
0%
107 Bohr
0%
50 Cyna
0%
110 Darmsztadt
0%
64 Gadolin
0%
31 Gal
0%
108 Has
0%
57 Lantan
0%
71 Lutet
0%
101 Mendelew
0%
42 Molibden
0%
93 Neptun
0%
94 Pluton
0%
84 Polon
0%
91 Protaktyn
0%
88 Rad
0%
86 Radon
0%
44 Ruten
0%
62 Samar
0%
47 Srebro
0%
38 Stront
0%
69 Tul
0%
74 Wolfram
0%
Nie znaleziono quizów pasujących do podanych kryteriów
Rozkład punktacji
Procent ludzi z każdym wynikiem
Percentyl według liczby udzielonych odpowiedzi
Twoja historia wyników
Nie rozwiązałeś tego quizu